000 00252nam a22001097a 4500
008 141020t xxu||||| |||| 00| 0 eng d
020 _a978-0-12-044565-3
100 _aGeorge N. Agrios
_9935
245 _aplant pathology
300 _a000
942 _2ddc
_cBK
999 _c17179
_d17179